000
00194 a2200097 4500
020
_a
9788424636043
041
_a
spa
100
_a
Del Amo, Montserrat
245
_a
Zuecos y Naranjas
942
_c
BK
999
_c
7598
_d
7598